[Event "AUTO-OPEN-2902"]
[Site "http://www.queenalice.com/game.php?id=1145874"]
[Date "2013.1.27"]
[Round "1"]
[White "jolrath"]
[Black "DinoSouza"]
[Result "0-1"]
[WhiteElo "1473"]
[BlackElo "1867"]

1. d4 Nf6 2. c4 g6 3. Nc3 d6 4. b4 Bg7 5. f3 O-O 6. g4 e5 7. dxe5 dxe5 8. h4 e4
9. Qxd8 Rxd8 10. g5 Ne8 11. h5 Bxc3+ 12. Kf2 Bxa1 13. hxg6 fxg6 14. fxe4 Rd1 15.
Be3 Bd4 16. Bxd4 Rxd4 17. e3 Rxe4 18. Bg2 Rxc4 0-1

[Event "AUTO-OPEN-2902"]
[Site "http://www.queenalice.com/game.php?id=1145921"]
[Date "2013.1.27"]
[Round "1"]
[White "jolrath"]
[Black "jamba"]
[Result "0-1"]
[WhiteElo "1399"]
[BlackElo "1606"]

1. d4 d5 2. e3 e6 3. c4 dxc4 4. Bxc4 Bb4+ 5. Nc3 Ne7 6. Qa4+ Nec6 7. a3 Ba5 8.
b4 Bd7 9. bxa5 Nxd4 10. Qd1 b5 11. Qxd4 bxc4 12. Qxg7 Rf8 13. a4 Bc6 14. Nf3 Qd3
15. Ba3 Qxc3+ 16. Ke2 Qxg7 17. Bxf8 Kxf8 18. Ne5 Qxe5 19. Rhd1 Qb2+ 20. Ke1 Qb4+
21. Kf1 Qxa5 22. f4 Nd7 23. g4 Bxa4 24. Rxd7 c3 0-1

[Event "AUTO-OPEN-2902"]
[Site "http://www.queenalice.com/game.php?id=1145922"]
[Date "2013.1.27"]
[Round "1"]
[White "jamba"]
[Black "jolrath"]
[Result "1-0"]
[WhiteElo "1598"]
[BlackElo "1407"]

1. d4 e6 2. a3 c5 3. d5 exd5 4. e3 Nc6 5. Qxd5 Nf6 6. Qg5 h6 7. Qg3 d5 8. f4 Ne4
9. Qf3 g5 10. f5 Qa5+ 11. b4 cxb4 12. Bd2 Nxd2 13. Nxd2 d4 14. Qe4+ Be7 15. f6
dxe3 16. Nc4 Qc5 17. fxe7 Nd4 18. axb4 Nxc2+ 19. Qxc2 Qxb4+ 20. Ke2 Qxe7 21.
Qa4+ Bd7 22. Qb3 f5 23. Qxb7 Rc8 24. Rxa7 1-0

[Event "AUTO-OPEN-2903"]
[Site "http://www.queenalice.com/game.php?id=1146193"]
[Date "2013.1.28"]
[Round "1"]
[White "zhiii00"]
[Black "jolrath"]
[Result "1-0"]
[WhiteElo "2216"]
[BlackElo "1397"]

1. e4 d6 2. d4 f5 3. Nc3 fxe4 4. f3 exf3 5. Nxf3 c5 6. dxc5 dxc5 7. Qxd8+ Kxd8
8. Ne5 Be6 9. Ne4 Nc6 10. Nxc6+ bxc6 11. Ng5 Kd7 12. Nxe6 Kxe6 13. Be3 Kd6 14.
O-O-O+ Kc7 15. Bxc5 a5 16. g3 Nf6 17. Bh3 a4 18. Rhe1 Nd5 19. c4 1-0

[Event "AUTO-OPEN-2903"]
[Site "http://www.queenalice.com/game.php?id=1146194"]
[Date "2013.1.28"]
[Round "1"]
[White "jolrath"]
[Black "zhiii00"]
[Result "0-1"]
[WhiteElo "1409"]
[BlackElo "2215"]

1. d4 Nf6 2. c4 g6 3. h4 d5 4. cxd5 Nxd5 5. e4 Nb6 6. f4 Bg7 7. Nf3 Bg4 8. Be2
Bxf3 9. gxf3 Qxd4 10. Qxd4 Bxd4 11. h5 N8d7 12. hxg6 hxg6 13. Rxh8+ Bxh8 14. a4
O-O-O 15. a5 Na8 16. Ra3 c6 17. b4 Nc7 18. Nc3 Bg7 0-1

[Event "AUTO-OPEN-2903"]
[Site "http://www.queenalice.com/game.php?id=1146223"]
[Date "2013.1.28"]
[Round "1"]
[White "twiddledeedum"]
[Black "jolrath"]
[Result "0-1"]
[WhiteElo "1781"]
[BlackElo "1418"]

1. Nf3 d5 2. d4 e6 3. a3 c5 4. e3 cxd4 5. Qxd4 Nc6 6. Bb5 a6 7. Bxc6+ bxc6 8. c4
c5 9. Qc3 dxc4 10. Qxc4 Bb7 11. Qa4+ Qd7 12. Qxd7+ Kxd7 13. Ne5+ Ke7 14. O-O h5
15. Nc3 Kf6 16. Nc4 h4 17. Na5 Rb8 18. Nxb7 Rxb7 19. Nd5+ exd5 20. Rb1 g5 21.
Bd2 Bd6 22. Bc3+ Be5 23. Bxe5+ Kxe5 24. f4+ Ke4 25. fxg5 Rb6 26. Rxf7 Kxe3 27.
Rf3+ Ke4 28. Re1+ Kd4 29. b3 a5 30. Kf2 c4 31. bxc4 dxc4 32. Rd1+ Kc5 33. Rf5+
Kc6 34. Rxa5 c3 35. Rc1 Rb2+ 36. Kf3 c2 37. Ke3 Ne7 38. Kd3 Rc8 39. a4 Nd5 40.
Kd4 Nb4 41. Rb5 Kd6 42. Rxb4 Rxb4+ 43. Kd3 Rxa4 44. g3 h3 45. Rxc2 Rxc2 46. Kxc2
Rg4 47. Kd3 Rxg5 48. Ke3 Rxg3+ 0-1

[Event "AUTO-OPEN-2903"]
[Site "http://www.queenalice.com/game.php?id=1146224"]
[Date "2013.1.28"]
[Round "1"]
[White "jolrath"]
[Black "twiddledeedum"]
[Result "0-1"]
[WhiteElo "1412"]
[BlackElo "1779"]

1. d4 d5 2. e3 a6 3. c4 Nf6 4. cxd5 Qxd5 5. Nc3 Qh5 6. Qxh5 Nxh5 7. g4 Nf6 8. g5
Nfd7 9. f4 f6 10. h4 h6 11. gxf6 Nxf6 12. h5 Bg4 13. Be2 Bf5 14. b4 e6 15. b5
Bb4 16. Bd2 axb5 17. Nxb5 Bxd2+ 18. Kxd2 Na6 19. Bf3 Ne4+ 20. Bxe4 Bxe4 21. Rh4
O-O-O 22. Rg4 Rhg8 23. Nc3 Bf5 24. Rg3 c5 25. Nf3 g6 26. hxg6 Rxg6 27. Rxg6 Bxg6
28. Ne5 Bh7 29. Rc1 h5 30. Na4 Kb8 31. Nxc5 Nxc5 32. Rxc5 h4 33. Rb5 Be4 34. a4
h3 35. f5 exf5 36. Kc3 h2 37. Rb1 Ka7 38. Nf7 Rc8+ 39. Kb2 Bxb1 40. Kxb1 h1=Q+
41. Ka2 Qd5+ 42. Ka3 Qxf7 0-1

[Event "AUTO-BEG-557"]
[Site "http://www.queenalice.com/game.php?id=1147324"]
[Date "2013.1.31"]
[Round "2"]
[White "jolrath"]
[Black "Jonatamachado"]
[Result "0-1"]
[WhiteElo "1397"]
[BlackElo "1725"]

1. d4 Nf6 2. c4 c5 3. dxc5 Qa5+ 4. Bd2 Qxc5 5. e3 e5 6. b4 Qc7 7. f4 exf4 8.
exf4 Be7 9. g4 O-O 10. g5 Ne4 11. h4 Ng3 12. Rh3 Nxf1 13. Kxf1 Qxc4+ 14. Qe2 d5
15. Na3 Bxh3+ 16. Nxh3 Qxe2+ 17. Kg1 Qxd2 18. Nb5 Qe3+ 19. Kh2 Qe2+ 20. Kg3 Qxb5
21. f5 Qd3+ 22. Kg4 Nd7 23. Re1 Bd6 24. Nf4 Bxf4 25. Re7 Qg3+ 26. Kh5 Qf3# 0-1

[Event "AUTO-BEG-557"]
[Site "http://www.queenalice.com/game.php?id=1147325"]
[Date "2013.1.31"]
[Round "2"]
[White "Jonatamachado"]
[Black "jolrath"]
[Result "1-0"]
[WhiteElo "1821"]
[BlackElo "1448"]

1. e4 d6 2. d4 f5 3. f3 Nf6 4. Nc3 e5 5. dxe5 dxe5 6. Qxd8+ Kxd8 7. Bg5 fxe4 8.
Nxe4 Be7 9. O-O-O+ Bd7 10. Bxf6 Bxf6 11. Nxf6 gxf6 12. Ne2 Nc6 13. Nc3 h5 14.
Bb5 Rh7 15. Bxc6 bxc6 16. Ne4 f5 17. Nf6 Rg7 18. g3 Kc8 19. Nxd7 Rxd7 20. Rxd7
Kxd7 21. Rd1+ Ke6 22. c4 e4 23. fxe4 fxe4 24. Kc2 Re8 25. b4 Kf5 26. Rd7 e3 27.
Kd1 Ke4 28. Ke2 Rf8 29. Re7+ Kd4 30. Rxe3 Kxc4 31. Re7 Rc8 32. a3 c5 33. bxc5
Kxc5 34. Re5+ Kb6 35. Rxh5 c5 36. h4 Kb5 37. Rf5 Ka4 38. Rf3 c4 39. Rc3 Re8+ 40.
Kf3 Rd8 41. Rxc4+ Kxa3 42. g4 a5 43. g5 Kb3 44. Re4 a4 45. g6 a3 46. h5 a2 47.
Re1 Rg8 48. Kf4 Kb2 49. Kg5 Re8 50. Rg1 Re5+ 51. Kh6 Re6 52. Kh7 a1=Q 53. Rxa1
Kxa1 54. g7 Re7 55. h6 Kb2 56. Kh8 Re8+ 57. g8=Q Rxg8+ 58. Kxg8 1-0

[Event "AUTO-BEG-557"]
[Site "http://www.queenalice.com/game.php?id=1147326"]
[Date "2013.1.31"]
[Round "2"]
[White "jolrath"]
[Black "grautvornix"]
[Result "0-1"]
[WhiteElo "1395"]
[BlackElo "1901"]

1. d4 b5 2. e4 Bb7 3. a4 Bxe4 4. axb5 e6 5. f3 Bb7 6. c4 Qh4+ 7. g3 Qf6 8. Bg2
Bb4+ 9. Nd2 Qxd4 10. Ra4 Bc5 11. Ne4 Qe5 12. Ne2 Be7 13. f4 Qh5 0-1

[Event "teferi-2"]
[Site "http://www.queenalice.com/game.php?id=1152074"]
[Date "2013.2.15"]
[Round "3"]
[White "kakocarvalho"]
[Black "jolrath"]
[Result "1-0"]
[WhiteElo "1772"]
[BlackElo "1376"]

1. Nf3 d5 2. g3 c5 3. Bg2 Nc6 4. O-O e5 5. d3 f5 6. Re1 e4 7. dxe4 fxe4 8. Nfd2
h5 9. c4 h4 10. f3 hxg3 11. hxg3 Qg5 12. Nxe4 Qh5 13. cxd5 Bh3 14. dxc6 bxc6 15.
Ng5 Bxg2 16. Qa4 Qh2+ 17. Kf2 Bxf3+ 18. Kxf3 Bd6 19. Qxc6+ Ke7 20. Qe4+ Kf6 21.
Qe6# 1-0

[Event "Challenge"]
[Site "http://www.queenalice.com/game.php?id=1159576"]
[Date "2013.3.9"]
[Round "-"]
[White "gedr59"]
[Black "jolrath"]
[Result "1-0"]
[WhiteElo "2048"]
[BlackElo "1394"]

1. c4 e5 2. e4 d6 3. Nc3 f5 4. exf5 Bxf5 5. Qf3 Nc6 6. Qxf5 Nd4 7. Qd3 a6 8. Nf3
Qe7 9. Be2 Nf6 10. Nxd4 exd4 11. Qxd4 c5 12. Qe3 O-O-O 13. Bf3 b5 14. d3 g5 15.
Qxe7 Bxe7 16. Bxg5 Rhe8 17. O-O-O h5 18. Rhe1 Kc7 19. Rxe7+ Rxe7 20. Bxf6 bxc4
21. Bxe7 Rd7 22. dxc4 Rxe7 23. Nd5+ Kd7 24. Nxe7 Kxe7 25. Bxh5 Ke6 26. g4 1-0

[Event "Challenge"]
[Site "http://www.queenalice.com/game.php?id=1159577"]
[Date "2013.3.9"]
[Round "-"]
[White "jolrath"]
[Black "gedr59"]
[Result "0-1"]
[WhiteElo "1394"]
[BlackElo "2063"]

1. d4 e6 2. c4 f5 3. f4 Nf6 4. g3 Bb4+ 5. Nc3 O-O 6. a3 Bxc3+ 7. bxc3 d5 8. cxd5
exd5 9. Nf3 Nbd7 10. Qd3 Nb6 11. e3 Nc4 12. g4 Nxg4 13. h3 Nf6 14. Nh4 Ne4 15.
Bg2 Qxh4+ 16. Kd1 Nf2+ 17. Ke2 Nxd3 18. Bxd5+ Kh8 19. Bxc4 Nf2 20. Rf1 Ne4 21.
a4 Qxh3 22. Rf3 Qg2+ 23. Kd3 Qxf3 24. Bd5 c6 25. Ba3 Nf2+ 26. Kd2 Qxd5 27. Bxf8
Be6 28. Rg1 Qa2+ 29. Ke1 Nd3+ 30. Kf1 Qf2# 0-1

[Event "Challenge"]
[Site "http://www.queenalice.com/game.php?id=1178588"]
[Date "2013.5.4"]
[Round "-"]
[White "recchdegomm1"]
[Black "jolrath"]
[Result "1-0"]
[WhiteElo "1297"]
[BlackElo "1446"]

1. e4 d6 2. Nc3 f5 3. d3 fxe4 4. dxe4 e5 5. b3 c5 6. a4 Nf6 7. a5 Nc6 8. Nf3 Bg4
9. a6 bxa6 10. Rxa6 Nb4 11. h3 Nxa6 12. Bb5+ Ke7 13. Bxa6 Bxf3 14. gxf3 Qa5 15.
h4 Qxa6 16. Nd5+ Nxd5 17. Qxd5 Rc8 18. Bg5+ Kd7 19. Qf7+ Be7 20. Qxe7+ Kc6 21.
Qxg7 Qa1+ 22. Kd2 Qxh1 23. Qxa7 Qxf3 24. Qa6+ Kd7 25. Qa7+ Rc7 26. Qa4+ Ke6 27.
Qc4+ d5 28. Qxd5# 1-0

[Event "Challenge"]
[Site "http://www.queenalice.com/game.php?id=1184396"]
[Date "2013.5.25"]
[Round "-"]
[White "jolrath"]
[Black "gedr59"]
[Result "0-1"]
[WhiteElo "1475"]
[BlackElo "2220"]

1. d4 e6 2. c4 f5 3. e3 Nf6 4. f4 b6 5. g3 Bb7 6. Nf3 Bb4+ 7. Nc3 Ne4 8. Bd2
Nxd2 9. Qxd2 Bxf3 10. Bg2 Bxg2 11. Qxg2 Nc6 12. d5 Na5 13. dxe6 dxe6 14. O-O O-O
15. e4 Nxc4 16. exf5 Ne3 17. Rad1 Nxg2 18. Rxd8 Raxd8 19. Kxg2 Bxc3 20. bxc3
Rxf5 21. g4 Rc5 22. f5 exf5 23. gxf5 Rxc3 24. f6 Rd2+ 25. Kg1 Rcc2 26. fxg7 Rg2+
27. Kh1 Rxh2+ 28. Kg1 Rcg2# 0-1

[Event "Challenge"]
[Site "http://www.queenalice.com/game.php?id=1185160"]
[Date "2013.5.27"]
[Round "-"]
[White "teferi"]
[Black "jolrath"]
[Result "0-1"]
[WhiteElo "1374"]
[BlackElo "1473"]

1. c4 e5 2. Nc3 f5 3. d4 exd4 4. Qxd4 Nc6 5. Qe3+ Qe7 6. Nd5 Qxe3 7. Bxe3 Bd6 8.
c5 Be5 9. Rb1 Nf6 10. Nxf6+ gxf6 11. Nf3 b6 12. g3 d5 13. cxd6 cxd6 0-1